Luna de la agonía
Guardado en:
| Autor principal: | |
|---|---|
| Formato: | Libro |
| Lenguaje: | Undetermined |
| Publicado: |
San José, Costa Rica
Editorial de la Universidad de Costa Rica
1997
|
| Materias: | |
| Etiquetas: |
Agregar Etiqueta
Sin Etiquetas, Sea el primero en etiquetar este registro!
|
MARC
| LEADER | 00000nam a2200000Ia 4500 | ||
|---|---|---|---|
| 008 | 170316s9999 xx 000 0 und d | ||
| 040 | |a cru BVZT | ||
| 090 | |a 868 L-4L | ||
| 100 | |a Leal, Fernando | ||
| 245 | |a Luna de la agonía | ||
| 260 | |a San José, Costa Rica | ||
| 260 | |b Editorial de la Universidad de Costa Rica | ||
| 260 | |c 1997 | ||
| 300 | |a 89 páginas | ||
| 650 | |a LITERATURA COSTARRICENSE | ||
| 999 | |c 11255 |d 11255 | ||
| 942 | |c 15 D |h 868 L-4L |2 z | ||
